[Event "Mundial Juvenil femenino 2005 s16"]
[Site "Belfort FRA"]
[Date "2005.07.21"]
[Round "3.9"]
[White "Ondrova, Michaela"]
[Black "Hamrakulova, Yulduz"]
[Result "0-1"]
[WhiteElo "1920"]
[BlackElo "2114"]
[PlyCount "84"]
[EventDate "2005.07.19"]
[EventType "swiss"]
[EventRounds "11"]
[EventCountry "FRA"]
[Source "lmi"]
[SourceDate "2005.07.31"]

1. e4 e5 2. d4 exd4 3. c3 d5 4. exd5 Qxd5 5. cxd4 Nf6 6. Nc3 Bb4 7. Nf3 O-O 8.
Be2 Ne4 9. Bd2 Bxc3 10. bxc3 Nxd2 11. Qxd2 c5 12. c4 Qe4 13. Qe3 Bf5 14. Qxe4
Bxe4 15. d5 Re8 16. Kd2 Na6 17. Bd3 Bxd3 18. Kxd3 Nb4+ 19. Kd2 Re4 20. a3 Na6
21. Kd3 Rae8 22. Rhe1 Rxe1 23. Rxe1 Rxe1 24. Nxe1 Kf8 25. Ke4 Ke7 26. Ke5 f6+
27. Ke4 Nc7 28. Nd3 Kd6 29. a4 b6 30. f4 a6 31. Nb2 g6 32. g4 Ne8 33. h4 f5+
34. gxf5 Nf6+ 35. Ke3 gxf5 36. Nd3 b5 37. axb5 axb5 38. cxb5 Nxd5+ 39. Kf3 c4
40. Nb2 Kc5 41. b6 Nxb6 42. h5 h6 0-1

[Event "Mundial Juvenil femenino 2005 s16"]
[Site "Belfort FRA"]
[Date "2005.07.21"]
[Round "3.10"]
[White "Gomes, Mary Ann"]
[Black "Miller, Naomi"]
[Result "0-1"]
[WhiteElo "2265"]
[BlackElo "1943"]
[PlyCount "50"]
[EventDate "2005.07.19"]
[EventType "swiss"]
[EventRounds "11"]
[EventCountry "FRA"]
[Source "lmi"]
[SourceDate "2005.07.31"]

1. Nf3 Nf6 2. c4 g6 3. Nc3 Bg7 4. d4 O-O 5. g3 d6 6. Bg2 Nc6 7. O-O e5 8. d5
Ne7 9. e4 Nh5 10. Ne1 c6 11. b3 cxd5 12. cxd5 a6 13. a4 Bd7 14. Ba3 Rc8 15. Rc1
Qb6 16. Ne2 Bg4 17. Bf3 Bxf3 18. Nxf3 Bh6 19. Rc4 Nf6 20. Nxe5 Rfe8 21. Rxc8
Nxc8 22. Nc4 Qc7 23. f3 b5 24. axb5 axb5 25. Nd2 Qa7+ 0-1

[Event "Mundial Juvenil femenino 2005 s16"]
[Site "Belfort FRA"]
[Date "2005.07.21"]
[Round "3.11"]
[White "Leks, Hanna"]
[Black "Baptista, Ana Filipa"]
[Result "1-0"]
[WhiteElo "2173"]
[BlackElo "2025"]
[PlyCount "125"]
[EventDate "2005.07.19"]
[EventType "swiss"]
[EventRounds "11"]
[EventCountry "FRA"]
[Source "lmi"]
[SourceDate "2005.07.31"]

1. e4 e5 2. Nf3 d6 3. d4 exd4 4. Nxd4 Nf6 5. Nc3 Be7 6. Bd3 Nbd7 7. O-O O-O 8.
Nf5 Ne5 9. Nxe7+ Qxe7 10. Be2 h6 11. f4 Ned7 12. Bf3 Nc5 13. Re1 Re8 14. b4
Ncd7 15. Bb2 Nb6 16. Qd4 Be6 17. a4 Rad8 18. f5 Bc8 19. a5 c5 20. Qd3 Nbd7 21.
Ba3 Ne5 22. Qe2 cxb4 23. Bxb4 Nc6 24. Ba3 a6 25. Red1 Nxa5 26. Qd3 b5 27. Bxd6
Qa7+ 28. Qd4 Qxd4+ 29. Rxd4 Nc4 30. Bc5 Rxd4 31. Bxd4 Nd2 32. Bxf6 gxf6 33. Rd1
Nc4 34. Kf2 Kg7 35. Be2 Nb6 36. Rd6 Nd7 37. Bd3 Nc5 38. Kf3 b4 39. Nd5 b3 40.
Nxf6 Re5 41. cxb3 Nxd3 42. Nh5+ Kh7 43. Rxd3 Bb7 44. Ng3 Kg7 45. Kf4 Rb5 46.
Nh5+ Kg8 47. Rd8+ Kh7 48. Nf6+ Kg7 49. Ne8+ Kh7 50. Rd3 Rb4 51. Nd6 Bc6 52. g4
Kg7 53. h4 a5 54. g5 hxg5+ 55. hxg5 a4 56. bxa4 Bxa4 57. Rh3 Rb6 58. f6+ Kg8
59. Nc8 Rb7 60. Ne7+ Rxe7 61. fxe7 Kg7 62. Ra3 Bc6 63. Rc3 1-0

[Event "Mundial Juvenil femenino 2005 s16"]
[Site "Belfort FRA"]
[Date "2005.07.21"]
[Round "3.13"]
[White "Van Nies, Pauline"]
[Black "Nikolova, Tzvetelina"]
[Result "1-0"]
[WhiteElo "2074"]
[BlackElo "1599"]
[PlyCount "94"]
[EventDate "2005.07.19"]
[EventType "swiss"]
[EventRounds "11"]
[EventCountry "FRA"]
[Source "lmi"]
[SourceDate "2005.07.31"]

1. e4 e6 2. d4 d5 3. Nd2 Nf6 4. e5 Nfd7 5. c3 c5 6. f4 Nc6 7. Ndf3 Qb6 8. a3 f6
9. Bd3 Na5 10. b4 cxb4 11. axb4 Nc6 12. exf6 Nxf6 13. Ne5 Qc7 14. Ne2 Bd7 15.
O-O g6 16. Nxd7 Qxd7 17. Ng3 Bd6 18. b5 Ne7 19. Qe2 O-O 20. Re1 Kf7 21. c4 Bb4
22. Rd1 Bc3 23. Bb2 Bxb2 24. Qxb2 Nf5 25. Nxf5 exf5 26. c5 Qe7 27. Re1 Ne4 28.
Ra3 Rfe8 29. Qa2 Qh4 30. Qxd5+ Kf8 31. Rf1 Nd2 32. Bc4 Nxc4 33. Qxc4 Re1 34. g3
Qe7 35. Qc3 Rxf1+ 36. Kxf1 Qe4 37. Kf2 Re8 38. Rxa7 Qe2+ 39. Kg1 Qd1+ 40. Kg2
Re2+ 41. Kh3 Qf1+ 42. Kh4 h6 43. Ra8+ Ke7 44. h3 Qf2 45. d5 Kf7 46. Qh8 g5+ 47.
Kh5 Qf3+ 1-0

[Event "Mundial Juvenil femenino 2005 s16"]
[Site "Belfort FRA"]
[Date "2005.07.21"]
[Round "3.14"]
[White "Foisor, Sabina-Francesca"]
[Black "Merkulova, Iryna"]
[Result "1/2-1/2"]
[WhiteElo "2230"]
[BlackElo "1599"]
[PlyCount "66"]
[EventDate "2005.07.19"]
[EventType "swiss"]
[EventRounds "11"]
[EventCountry "FRA"]
[Source "lmi"]
[SourceDate "2005.07.31"]

1. d4 Nf6 2. c4 g6 3. Nc3 Bg7 4. Bg5 O-O 5. Nf3 d6 6. e3 c5 7. Be2 h6 8. Bh4
cxd4 9. Nxd4 Nc6 10. O-O Bd7 11. Qd2 a6 12. Rac1 Rb8 13. Nb3 Na5 14. Nxa5 Qxa5
15. Rfd1 Qc5 16. a3 Rfd8 17. b4 Qa7 18. a4 Rbc8 19. a5 g5 20. Bg3 Be6 21. c5
Bb3 22. cxd6 Bxd1 23. Rxd1 b5 24. axb6 Qxb6 25. Na4 Qc6 26. Nc5 exd6 27. Nxa6
Ne4 28. Qd3 Nxg3 29. hxg3 Qb6 30. b5 d5 31. Nb4 d4 32. Nc6 Rxc6 33. bxc6 Qxc6
1/2-1/2

[Event "Mundial Juvenil femenino 2005 s16"]
[Site "Belfort FRA"]
[Date "2005.07.21"]
[Round "3.15"]
[White "Zapata, Talia"]
[Black "Ferry, Justine"]
[Result "1-0"]
[WhiteElo "2152"]
[BlackElo "1876"]
[PlyCount "147"]
[EventDate "2005.07.19"]
[EventType "swiss"]
[EventRounds "11"]
[EventCountry "FRA"]
[Source "lmi"]
[SourceDate "2005.07.31"]

1. d4 g6 2. c4 Bg7 3. Nc3 c5 4. Nf3 cxd4 5. Nxd4 Qc7 6. e3 Nf6 7. Be2 a6 8. O-O
O-O 9. b3 Nc6 10. Bb2 d6 11. Rc1 Ne5 12. Nf3 Bg4 13. Nxe5 Bxe2 14. Qxe2 dxe5
15. Rfd1 Rfd8 16. e4 e6 17. Rxd8+ Rxd8 18. Rd1 Rd4 19. f3 Qc5 20. Kf1 Qd6 21.
Ke1 Nd7 22. Na4 Rxd1+ 23. Qxd1 Qc6 24. Qd3 Kf8 25. Ba3+ Ke8 26. Qd6 Qxd6 27.
Bxd6 Bf8 28. Bc7 Bb4+ 29. Ke2 f6 30. Bb6 Nxb6 31. Nxb6 Kd8 32. Kd3 Kc7 33. Na4
Kc6 34. Nc3 b5 35. Nb1 Bc5 36. a3 a5 37. cxb5+ Kxb5 38. Nc3+ Kc6 39. Nb1 Kb5
40. Kc3 Bd4+ 41. Kd3 Bc5 42. g3 g5 43. g4 h6 44. h3 Bd6 45. Nc3+ Kc6 46. a4 Bb4
47. Kc4 Kb6 48. Na2 Bf8 49. Nc3 Be7 50. Ne2 Kc6 51. Nc1 Kb6 52. Nd3 Bf8 53. b4
axb4 54. Nxb4 Ka5 55. Nc6+ Kxa4 56. Nd8 Ba3 57. Nxe6 Ka5 58. Nc7 Kb6 59. Nd5+
Kc6 60. Nxf6 Bf8 61. Nd5 Kd6 62. Ne3 Kc6 63. Nf5 Ba3 64. Nxh6 Bc1 65. Nf5 Bf4
66. h4 gxh4 67. Nxh4 Kd6 68. Nf5+ Ke6 69. Kc5 Kf6 70. Kd6 Kg5 71. Ke6 Bh2 72.
Kd5 Kf6 73. Ne3 Bg3 74. Nc4 1-0

[Event "Mundial Juvenil femenino 2005 s16"]
[Site "Belfort FRA"]
[Date "2005.07.21"]
[Round "3.16"]
[White "Carlsen, Ellen Oen"]
[Black "Robles Garcia, Claudia"]
[Result "1/2-1/2"]
[WhiteElo "1866"]
[BlackElo "2144"]
[PlyCount "36"]
[EventDate "2005.07.19"]
[EventType "swiss"]
[EventRounds "11"]
[EventCountry "FRA"]
[Source "lmi"]
[SourceDate "2005.07.31"]

1. e4 c6 2. d4 d5 3. Nc3 g6 4. Nf3 Bg7 5. Be2 Bg4 6. Be3 dxe4 7. Nxe4 Nh6 8. c3
O-O 9. O-O Nd7 10. h3 Bxf3 11. Bxf3 Nf5 12. Bf4 Qa5 13. Ng3 Nxg3 14. Bxg3 e5
15. d5 cxd5 16. Qxd5 Qxd5 17. Bxd5 Nf6 18. Rad1 Rfe8 1/2-1/2

[Event "Mundial Juvenil femenino 2005 s16"]
[Site "Belfort FRA"]
[Date "2005.07.21"]
[Round "3.18"]
[White "Khudaya, Aliaksandra"]
[Black "Albano Jeremias, Bianca"]
[Result "1/2-1/2"]
[WhiteElo "2117"]
[BlackElo "1599"]
[PlyCount "179"]
[EventDate "2005.07.19"]
[EventType "swiss"]
[EventRounds "11"]
[EventCountry "FRA"]
[Source "lmi"]
[SourceDate "2005.07.31"]

1. d4 Nf6 2. c4 e5 3. dxe5 Ng4 4. e3 Nxe5 5. Nh3 Nbc6 6. Nf4 Bb4+ 7. Bd2 Bxd2+
8. Qxd2 O-O 9. Nc3 d6 10. Be2 Bf5 11. O-O Ng6 12. Nfd5 Nce5 13. f4 Ng4 14. e4
Bd7 15. h3 Nf6 16. Nxf6+ Qxf6 17. Nd5 Qd8 18. f5 Ne5 19. f6 Ng6 20. Qe3 Ne5 21.
Qg3 Ng6 22. h4 c6 23. Ne7+ Kh8 24. h5 gxf6 25. hxg6 fxg6 26. Qxd6 Rf7 27. Nxg6+
hxg6 28. c5 Kg7 29. Rad1 Qe7 30. Bc4 Qxd6 31. Rxd6 Re7 32. Rfxf6 Be8 33. Rfe6
Rc7 34. Re5 Bf7 35. Bxf7 Kxf7 36. Ree6 Rg8 37. Rf6+ Ke7 38. Rxg6 Rxg6 39. Rxg6
Kf7 40. Rh6 Kg7 41. Rd6 Re7 42. Kf2 Rxe4 43. Rd7+ Kf6 44. Rxb7 Ra4 45. a3 Ra5
46. Kf3 Rxc5 47. Rxa7 Rf5+ 48. Ke4 Rf2 49. Rb7 Rxg2 50. Kd4 Ke6 51. Kc4 Kd6 52.
a4 Rg4+ 53. Kb3 c5 54. a5 Kc6 55. a6 Rg8 56. Rh7 Rb8+ 57. Kc3 Rg8 58. Kc4 Rc8
59. b3 Kb6 60. Rh6+ Ka7 61. Rh5 Kxa6 62. Rxc5 Ra8 63. Rc6+ Kb7 64. Rc5 Kb6 65.
Rb5+ Kc6 66. Kb4 Rg8 67. Ka4 Rg1 68. Ka5 Ra1+ 69. Kb4 Rh1 70. Rg5 Kb6 71. Rg6+
Kb7 72. Kb5 Rh5+ 73. Ka4 Rh4+ 74. b4 Rh1 75. Ka5 Rh8 76. Rg7+ Ka8 77. b5 Kb8
78. Ka6 Rh6+ 79. Ka5 Rh8 80. Kb6 Rh6+ 81. Kc5 Rh5+ 82. Kb6 Rh6+ 83. Ka5 Rh8 84.
Rg6 Ka8 85. Ka6 Kb8 86. Kb6 Rf8 87. Kc6 Rc8+ 88. Kd6 Kb7 89. Ke7 Rc5 90. b6
1/2-1/2

[Event "Mundial Juvenil femenino 2005 s16"]
[Site "Belfort FRA"]
[Date "2005.07.21"]
[Round "3.19"]
[White "Atnilov, Bela"]
[Black "Ikonomopoulou, Maria"]
[Result "0-1"]
[WhiteElo "1599"]
[BlackElo "2044"]
[PlyCount "57"]
[EventDate "2005.07.19"]
[EventType "swiss"]
[EventRounds "11"]
[EventCountry "FRA"]
[Source "lmi"]
[SourceDate "2005.07.31"]

1. e4 e5 2. Nf3 Nc6 3. Bb5 a6 4. Ba4 Nf6 5. O-O Be7 6. Bxc6 dxc6 7. d3 Nd7 8.
Nbd2 c5 9. Nc4 Bf6 10. a4 O-O 11. b3 g6 12. Bh6 Re8 13. Ne3 Nf8 14. Nd5 Bg7 15.
Bxg7 Kxg7 16. h3 c6 17. Ne3 h5 18. Nc4 Qf6 19. Nb6 Rb8 20. Nxc8 Rbxc8 21. Qd2
Ne6 22. Kh2 g5 23. Qc3 g4 24. Ng1 Rg8 25. g3 h4 26. Kg2 Kh7 27. Qd2 Nd4 28. Qd1
gxh3+ 29. Nxh3 0-1

[Event "Mundial Juvenil femenino 2005 s16"]
[Site "Belfort FRA"]
[Date "2005.07.22"]
[Round "4.1"]
[White "Corke, Anya"]
[Black "Gunina, Valentina"]
[Result "1-0"]
[WhiteElo "2223"]
[BlackElo "2394"]
[PlyCount "79"]
[EventDate "2005.07.19"]
[EventType "swiss"]
[EventRounds "11"]
[EventCountry "FRA"]
[Source "lmi"]
[SourceDate "2005.07.31"]

1. d4 d5 2. c4 e6 3. Nc3 Nf6 4. Bg5 Be7 5. e3 O-O 6. Nf3 Nbd7 7. Qc2 c5 8. cxd5
Nxd5 9. Bxe7 Qxe7 10. Nxd5 exd5 11. Bd3 h6 12. dxc5 Nxc5 13. O-O Bg4 14. Nd4
Rac8 15. Qd2 Ne6 16. h3 Bxh3 17. gxh3 Qg5+ 18. Kh2 Nxd4 19. f4 Qf6 20. exd4
Rfe8 21. Rfe1 g6 22. Re5 Kg7 23. Rae1 Rxe5 24. fxe5 Qh4 25. Qe3 Rc6 26. Rf1 Rb6
27. Rf2 Rb4 28. Qf3 Qe7 29. Qxd5 Qe6 30. Qc5 a5 31. b3 b6 32. Qc3 b5 33. d5 Qe7
34. d6 Qe6 35. d7 Rh4 36. Bxb5 Rxh3+ 37. Qxh3 Qxe5+ 38. Qg3 Qh5+ 39. Kg1 a4 40.
Bf1 1-0

[Event "Mundial Juvenil femenino 2005 s16"]
[Site "Belfort FRA"]
[Date "2005.07.22"]
[Round "4.3"]
[White "Ignacz, Maria"]
[Black "Saheli, Nath"]
[Result "1-0"]
[WhiteElo "2265"]
[BlackElo "2187"]
[PlyCount "131"]
[EventDate "2005.07.19"]
[EventType "swiss"]
[EventRounds "11"]
[EventCountry "FRA"]
[Source "lmi"]
[SourceDate "2005.07.31"]

1. d4 Nf6 2. c4 e6 3. g3 b6 4. Bg2 d5 5. Nf3 c6 6. Qa4 Be7 7. O-O O-O 8. Nc3
Ba6 9. Ne5 Qe8 10. cxd5 cxd5 11. Qc2 Nbd7 12. Rd1 Rc8 13. Bg5 Nxe5 14. dxe5 Nd7
15. Bxe7 Qxe7 16. e4 d4 17. Rxd4 Nxe5 18. Qa4 Qb7 19. Rad1 Rc4 20. Rxc4 Nxc4
21. Qb4 h6 22. b3 Ne5 23. Qd6 Qb8 24. Qd2 Rc8 25. h3 Qc7 26. Ne2 Nd3 27. Nd4
Qc5 28. Nf3 Ne5 29. Nxe5 Qxe5 30. Qd7 Qc7 31. e5 Kh7 32. Be4+ g6 33. Qa4 Bb7
34. Rd7 Qc1+ 35. Kg2 Bxe4+ 36. Qxe4 Rc7 37. Rd8 Rc8 38. Qb7 Rc7 39. Qb8 Qc6+
40. Kh2 g5 41. g4 f6 42. exf6 Kg6 43. Rg8+ Kxf6 44. Qf8+ Ke5 45. Qxh6 Kd4 46.
Qf6+ Kd3 47. Rxg5 Qd6+ 48. Qe5 Qc6 49. Qe3+ Kc2 50. Re5 Qd6 51. Kg2 Kb1 52.
Rxe6 Qd5+ 53. Qe4+ Qxe4+ 54. Rxe4 Kxa2 55. Re3 a5 56. g5 b5 57. h4 b4 58. g6 a4
59. h5 axb3 60. h6 b2 61. Re2 b3 62. Rxb2+ Kxb2 63. h7 Rc8 64. g7 Ka2 65. g8=Q
Rxg8+ 66. hxg8=Q 1-0

[Event "Mundial Juvenil femenino 2005 s16"]
[Site "Belfort FRA"]
[Date "2005.07.22"]
[Round "4.4"]
[White "Hamrakulova, Yulduz"]
[Black "Leks, Hanna"]
[Result "0-1"]
[WhiteElo "2114"]
[BlackElo "2173"]
[PlyCount "92"]
[EventDate "2005.07.19"]
[EventType "swiss"]
[EventRounds "11"]
[EventCountry "FRA"]
[Source "lmi"]
[SourceDate "2005.07.31"]

1. d4 Nf6 2. Nf3 d6 3. c4 Nbd7 4. Nc3 e5 5. e4 g6 6. Be2 Bg7 7. O-O O-O 8. d5
Nc5 9. Qc2 a5 10. Ne1 Kh8 11. Be3 Ng8 12. Nd3 Nxd3 13. Bxd3 f5 14. f3 f4 15.
Bf2 b6 16. a3 g5 17. Be2 h5 18. h3 Nh6 19. Rfc1 g4 20. Bf1 Nf7 21. Kh1 Qd7 22.
Ne2 a4 23. Ng1 Qd8 24. b4 axb3 25. Qxb3 Bd7 26. Be1 Ra4 27. Rcb1 Bf6 28. Qc3
Bh4 29. Rb4 gxh3 30. gxh3 Bg3 31. Rxa4 Bxa4 32. Bxg3 fxg3 33. Qd2 Qh4 34. Rc1
Ng5 35. Qg2 Qf4 36. Rc3 h4 37. Be2 Qd2 38. Rd3 Qe1 39. Re3 Bc2 40. a4 Bxa4 41.
Ra3 Bd7 42. Bf1 Nxe4 43. Qe2 g2+ 44. Qxg2 Ng3+ 45. Kh2 Nxf1+ 46. Kh1 Rg8 0-1

[Event "Mundial Juvenil femenino 2005 s16"]
[Site "Belfort FRA"]
[Date "2005.07.22"]
[Round "4.5"]
[White "Harika, Dronavalli"]
[Black "Van Nies, Pauline"]
[Result "1-0"]
[WhiteElo "2396"]
[BlackElo "2074"]
[PlyCount "103"]
[EventDate "2005.07.19"]
[EventType "swiss"]
[EventRounds "11"]
[EventCountry "FRA"]
[Source "lmi"]
[SourceDate "2005.07.31"]

1. Nf3 g6 2. d4 Bg7 3. g3 c5 4. Bg2 cxd4 5. Nxd4 Nc6 6. Nb3 Nf6 7. O-O O-O 8.
c4 d6 9. Nc3 Be6 10. Nd5 Nd7 11. Rb1 Nc5 12. Nd2 a5 13. Nf4 Bf5 14. e4 Bd7 15.
b3 Nb4 16. a3 Nbd3 17. Qe2 Nxf4 18. gxf4 e5 19. fxe5 dxe5 20. f4 exf4 21. Rxf4
Be5 22. Rf1 Qh4 23. Nf3 Bg4 24. h3 Bh5 25. Qe3 Bxf3 26. Qxf3 Rad8 27. Be3 Rd3
28. Rbd1 Rxd1 29. Rxd1 Ne6 30. Qg4 Qe7 31. Rd5 Qxa3 32. Qd1 Bc3 33. Bf3 Qb2 34.
Bg4 Be5 35. Rd2 Qc3 36. Rd3 Qb2 37. Qd2 Qa1+ 38. Kg2 Qa3 39. Rd5 Qa1 40. Rxa5
Qc3 41. Qxc3 Bxc3 42. Rb5 Nd4 43. Rxb7 f5 44. exf5 gxf5 45. Bf3 f4 46. Bd5+ Kh8
47. Bxd4+ Bxd4 48. Kf3 Be3 49. b4 Rf6 50. c5 Rh6 51. c6 Rxh3+ 52. Ke4 1-0

[Event "Mundial Juvenil femenino 2005 s16"]
[Site "Belfort FRA"]
[Date "2005.07.22"]
[Round "4.7"]
[White "Miller, Naomi"]
[Black "Benmesbah, Natacha"]
[Result "0-1"]
[WhiteElo "1943"]
[BlackElo "2127"]
[PlyCount "154"]
[EventDate "2005.07.19"]
[EventType "swiss"]
[EventRounds "11"]
[EventCountry "FRA"]
[Source "lmi"]
[SourceDate "2005.07.31"]

1. e4 c5 2. c3 Nf6 3. e5 Nd5 4. d4 cxd4 5. Nf3 Nc6 6. cxd4 d6 7. Bc4 Nb6 8. Bb5
Bd7 9. exd6 e6 10. Bg5 f6 11. Bf4 Nd5 12. Bd2 Bxd6 13. Nc3 Nxc3 14. bxc3 O-O
15. O-O Qe8 16. Rb1 Qh5 17. Be2 Bc8 18. h3 Qg6 19. Be3 Ne7 20. Bd3 Qh5 21. Qd2
a6 22. c4 Rb8 23. Be2 Qf7 24. Bf4 Bxf4 25. Qxf4 Bd7 26. Bd3 Bc6 27. Rfe1 Rbd8
28. Qe3 Bxf3 29. gxf3 Nc6 30. Qxe6 Qxe6 31. Rxe6 Rxd4 32. Be4 Nd8 33. Re7 Kh8
34. Bd5 h5 35. Rbe1 Kh7 36. Rd7 Kh6 37. Ree7 g6 38. Kg2 h4 39. c5 Kg5 40. Rd6
Nc6 41. Rxb7 Ne5 42. Rbb6 Nd3 43. Bb7 Nf4+ 44. Kh2 Rc4 45. Bxa6 Rxc5 46. Rb5
Rxb5 47. Bxb5 Rc8 48. Rc6 Rd8 49. Rc5+ f5 50. Rc2 Rd1 51. a4 Ra1 52. Bc6 Ra3
53. Rd2 Nd3 54. Re2 Ra1 55. Rd2 Ne5 56. Rc2 Kf4 57. Kg2 Ra3 58. Bb5 Nxf3 59.
Rc4+ Kg5 60. Rc1 Nd4 61. Be8 Ne2 62. Rc6 Nf4+ 63. Kg1 Nxh3+ 64. Kh2 Nf4 65. Rd6
Ra1 66. Rb6 Ra2 67. Kg1 h3 68. Rb3 Kh4 69. Rf3 g5 70. Bd7 Kg4 71. Rg3+ Kh4 72.
Rf3 Ne2+ 73. Kh2 g4 74. Be6 Rb2 75. Rb3 f4 76. Bxg4 Rxb3 77. Bxe2 Rb2 0-1

[Event "Mundial Juvenil femenino 2005 s16"]
[Site "Belfort FRA"]
[Date "2005.07.22"]
[Round "4.8"]
[White "Batzaya, Yanjav"]
[Black "Zapata, Talia"]
[Result "1-0"]
[WhiteElo "1908"]
[BlackElo "2152"]
[PlyCount "49"]
[EventDate "2005.07.19"]
[EventType "swiss"]
[EventRounds "11"]
[EventCountry "FRA"]
[Source "lmi"]
[SourceDate "2005.07.31"]

1. e4 c5 2. Nf3 d6 3. d4 cxd4 4. Nxd4 Nf6 5. Nc3 a6 6. Bc4 e6 7. Bb3 Be7 8. f4
Qc7 9. Be3 O-O 10. O-O Nc6 11. Qf3 Bd7 12. f5 Ne5 13. Qh3 exf5 14. Nxf5 Bxf5
15. Rxf5 Nc4 16. Bd4 Ne5 17. Raf1 Qd8 18. Nd5 Ned7 19. Nxf6+ Nxf6 20. Rxf6 Bxf6
21. Rxf6 gxf6 22. Qh6 Rc8 23. Bxf6 Qxf6 24. Qxf6 Rcd8 25. Bxf7+ 1-0

[Event "Mundial Juvenil femenino 2005 s16"]
[Site "Belfort FRA"]
[Date "2005.07.22"]
[Round "4.9"]
[White "Gavrilova, Anastasia"]
[Black "Gras, Delphine"]
[Result "1/2-1/2"]
[WhiteElo "2082"]
[BlackElo "1982"]
[PlyCount "56"]
[EventDate "2005.07.19"]
[EventType "swiss"]
[EventRounds "11"]
[EventCountry "FRA"]
[Source "lmi"]
[SourceDate "2005.07.31"]

1. c4 Nf6 2. Nc3 c5 3. e4 Nc6 4. Nge2 e6 5. d4 cxd4 6. Nxd4 Bb4 7. Nxc6 bxc6 8.
Bd3 Bxc3+ 9. bxc3 Qa5 10. Qc2 O-O 11. O-O h6 12. a4 d5 13. cxd5 cxd5 14. Ba3
Re8 15. e5 Nd7 16. Bd6 Ba6 17. Rfb1 Bxd3 18. Qxd3 Nc5 19. Qb5 Qxb5 20. axb5 Ne4
21. Bb4 Rec8 22. f4 Nd2 23. Rb2 Nc4 24. Rba2 Rcb8 25. Rxa7 Rxa7 26. Rxa7 Rxb5
27. Kf2 Rb8 28. Ke2 Rc8 1/2-1/2

[Event "Mundial Juvenil femenino 2005 s16"]
[Site "Belfort FRA"]
[Date "2005.07.22"]
[Round "4.10"]
[White "Kozjukova, Olga"]
[Black "Darbinian, Nune"]
[Result "1/2-1/2"]
[WhiteElo "1986"]
[BlackElo "2072"]
[PlyCount "80"]
[EventDate "2005.07.19"]
[EventType "swiss"]
[EventRounds "11"]
[EventCountry "FRA"]
[Source "lmi"]
[SourceDate "2005.07.31"]

1. e4 e5 2. Nf3 Nf6 3. Nxe5 d6 4. Nf3 Nxe4 5. d4 d5 6. Bd3 Nc6 7. O-O Be7 8.
Re1 Bg4 9. c3 f5 10. Nbd2 O-O 11. Qb3 Kh8 12. Bb5 Nxd2 13. Nxd2 Bd6 14. h3 Bh5
15. Nf1 Ne7 16. Bd3 Qd7 17. c4 dxc4 18. Bxc4 c6 19. Be6 Qc7 20. Bd2 Qb6 21. Qa4
Rad8 22. Bc3 Be8 23. Qc2 Bb8 24. Qd2 Bc7 25. Qg5 Nd5 26. Bxd5 cxd5 27. Re7 Bg6
28. Rae1 h6 29. Qd2 Rfe8 30. Bb4 Rxe7 31. Bxe7 Re8 32. Bc5 Qc6 33. Rc1 b6 34.
Bb4 Qd7 35. Qc3 Bb8 36. Qc6 Qf7 37. Bd6 Re6 38. Qc8+ Re8 39. Qc6 Re6 40. Qc8+
Re8 1/2-1/2

[Event "Mundial Juvenil femenino 2005 s16"]
[Site "Belfort FRA"]
[Date "2005.07.22"]
[Round "4.12"]
[White "Merkulova, Iryna"]
[Black "Rakic, Marija"]
[Result "1-0"]
[WhiteElo "1599"]
[BlackElo "2057"]
[PlyCount "117"]
[EventDate "2005.07.19"]
[EventType "swiss"]
[EventRounds "11"]
[EventCountry "FRA"]
[Source "lmi"]
[SourceDate "2005.07.31"]

1. g3 Nf6 2. Bg2 g6 3. d4 Bg7 4. e4 d6 5. Ne2 O-O 6. Nbc3 c6 7. h3 e5 8. a4 Qe7
9. O-O Na6 10. Be3 Nc7 11. f4 Nd7 12. Qd3 b6 13. b4 a5 14. b5 c5 15. dxe5 dxe5
16. Rad1 Bf6 17. Nd5 Nxd5 18. Qxd5 Ra7 19. f5 Rc7 20. Qc4 Rd8 21. Nc3 Bb7 22.
Rd2 Nf8 23. Rdf2 Rd6 24. Nd5 Bxd5 25. exd5 Nd7 26. Qg4 Kg7 27. Be4 Nf8 28. h4
h6 29. c4 Qd7 30. Qe2 Nh7 31. Kg2 Rc8 32. fxg6 fxg6 33. Qc2 Qg4 34. Bf3 Qd7 35.
Qd2 g5 36. Be4 Rh8 37. Rf5 Qe7 38. Rh1 Rdd8 39. Rd1 Rd6 40. Rh1 Rdd8 41. h5 Rd6
42. Rhf1 Nf8 43. Qf2 Nd7 44. Bd2 Rf8 45. Bc3 Qe8 46. Qf3 Be7 47. Rxf8 Qxf8 48.
Qxf8+ Bxf8 49. Bf5 Nf6 50. Bxe5 Rd8 51. Bg6 Be7 52. d6 Rxd6 53. Bxd6 Bxd6 54.
Rd1 Be5 55. Re1 Bd4 56. Re7+ Kf8 57. Rf7+ Kg8 58. Kf3 Bb2 59. Rb7 1-0

[Event "Mundial Juvenil femenino 2005 s16"]
[Site "Belfort FRA"]
[Date "2005.07.22"]
[Round "4.13"]
[White "Middelveld, Martine"]
[Black "Congiu, Mathilde"]
[Result "0-1"]
[WhiteElo "1599"]
[BlackElo "2046"]
[PlyCount "82"]
[EventDate "2005.07.19"]
[EventType "swiss"]
[EventRounds "11"]
[EventCountry "FRA"]
[Source "lmi"]
[SourceDate "2005.07.31"]

1. d4 Nf6 2. Nf3 e6 3. g3 b6 4. Bg2 Bb7 5. O-O Be7 6. c4 O-O 7. d5 b5 8. dxe6
fxe6 9. cxb5 a6 10. Nc3 Nd5 11. Nd4 Nxc3 12. bxc3 Qc8 13. Qd3 Bxg2 14. Kxg2
axb5 15. Qxb5 Bf6 16. Bb2 c6 17. Qb3 c5 18. Nf3 Nc6 19. Rfd1 Qc7 20. Bc1 Rfb8
21. Qc2 Nb4 22. Qd2 Nd5 23. Bb2 Rxb2 24. Qxb2 Nxc3 25. Qc2 Nxd1 26. Rxd1 Qc6
27. Kg1 d5 28. Rc1 c4 29. e3 Qa6 30. Nd4 Bxd4 31. exd4 Qxa2 32. Qd1 Rf8 33. Qe1
Rf6 34. Rb1 Qa7 35. Qe5 Kf7 36. Kg2 Qa2 37. Rb7+ Kg6 38. Qe3 Qc2 39. h4 Qf5 40.
Rc7 h6 41. Rc6 e5 0-1

[Event "Mundial Juvenil femenino 2005 s16"]
[Site "Belfort FRA"]
[Date "2005.07.22"]
[Round "4.14"]
[White "Ikonomopoulou, Maria"]
[Black "Paganoglou, Anastasia"]
[Result "0-1"]
[WhiteElo "2044"]
[BlackElo "1948"]
[PlyCount "167"]
[EventDate "2005.07.19"]
[EventType "swiss"]
[EventRounds "11"]
[EventCountry "FRA"]
[Source "lmi"]
[SourceDate "2005.07.31"]

1. e4 c5 2. Nf3 Nc6 3. Bb5 g6 4. O-O Bg7 5. Re1 Nf6 6. e5 Nd5 7. Nc3 Nc7 8.
Bxc6 dxc6 9. Ne4 c4 10. Qe2 Be6 11. Nc5 Qd5 12. d4 cxd3 13. Nxd3 O-O 14. Bg5
Rfe8 15. Rad1 Qxa2 16. b3 Qa5 17. Ra1 Qd5 18. Ra4 c5 19. Qe3 Bf5 20. Nxc5 Bxc2
21. Rc1 b6 22. Rxc2 Qd1+ 23. Ne1 bxc5 24. Rc1 Qd7 25. Rxc5 Ne6 26. Rca5 Nxg5
27. Qxg5 Reb8 28. Qe3 Rb7 29. Rd4 Qc7 30. Rda4 e6 31. g3 Qb8 32. Nd3 Rxb3 33.
Qd4 Qb7 34. Ra1 Bf8 35. h4 a6 36. Kh2 Qf3 37. Ne1 Qe2 38. R5a2 Qb5 39. Ra5 Qb7
40. Nd3 Rb5 41. R5a2 Be7 42. Qe3 a5 43. Qe1 Qd7 44. Qe4 Rd8 45. Nb2 Qd5 46.
Qxd5 Rdxd5 47. Nc4 Bb4 48. f4 h5 49. Nd6 Bxd6 50. exd6 Rxd6 51. Rxa5 Rxa5 52.
Rxa5 Kg7 53. Kg2 Rd3 54. Kf2 Kf6 55. Ra7 Rd5 56. Ke3 Rb5 57. Kf3 e5 58. fxe5+
Rxe5 59. Kf4 Rf5+ 60. Ke4 Rf1 61. Ra3 Kg7 62. Ra7 Kh6 63. Ra8 Rf5 64. Ra7 f6
65. Rf7 Rf1 66. Rf8 g5 67. hxg5+ Kxg5 68. Rg8+ Kh6 69. Rh8+ Kg6 70. Rg8+ Kh7
71. Ra8 Kg7 72. Ra5 Kg6 73. Ra8 Rb1 74. Rg8+ Kh7 75. Ra8 Kg7 76. Ra5 Kg6 77.
Ra8 Rb4+ 78. Kf3 Kg5 79. Rg8+ Kf5 80. Rf8 Rb3+ 81. Kg2 Kg6 82. Kh3 f5 83. Rg8+
Kh7 84. Kh4 0-1

[Event "Mundial Juvenil femenino 2005 s16"]
[Site "Belfort FRA"]
[Date "2005.07.22"]
[Round "4.15"]
[White "Orsatti, Felicitas"]
[Black "Khudaya, Iryna"]
[Result "0-1"]
[WhiteElo "1599"]
[BlackElo "2043"]
[PlyCount "72"]
[EventDate "2005.07.19"]
[EventType "swiss"]
[EventRounds "11"]
[EventCountry "FRA"]
[Source "lmi"]
[SourceDate "2005.07.31"]

1. d4 d5 2. c4 dxc4 3. e3 Nf6 4. Bxc4 e6 5. Nc3 a6 6. Nf3 b5 7. Bb3 Bb7 8. O-O
Be7 9. Re1 O-O 10. Bc2 c5 11. b3 Nbd7 12. Bb2 Rc8 13. dxc5 Nxc5 14. Qxd8 Rfxd8
15. Rad1 Nce4 16. Rxd8+ Bxd8 17. Bxe4 Nxe4 18. Nxe4 Bxe4 19. Rc1 Rxc1+ 20. Bxc1
Be7 21. Nd2 Bd3 22. Bb2 f6 23. g3 e5 24. Kg2 Bb4 25. Nf3 a5 26. Kg1 Be4 27. Kg2
f5 28. h3 h5 29. h4 Bd6 30. Bc1 Kf7 31. Bb2 Ke6 32. Bc1 a4 33. Bb2 Bb4 34. Bc1
Bc3 35. Ba3 b4 36. Bc1 a3 0-1